• 首页
  • 本馆介绍
  • 公告通知
  • 最新文献
  • 馆藏检索
  • 电子资源
  • 读者导购
  • 参考咨询
  • 我的图书馆
  • 登录
  • 详细信息显示
  • 放入我的书架
  • 预约/预借图书
  • 作者相关作品
  • 分类相关作品
  • 丛书相关作品
  • 出版社相关作品

书目信息

  • 表格格式
  • 工作单格式
  • 卡片格式
题名:
行政程序法研究
    
 
作者: 姜明安
分册:  
出版信息: 北京   法律出版社  2022
页数: 443页
开本: 23cm
丛书名: 姜明安公法著作系列丛书
单 册:
中图分类: D922.114
科图分类:
主题词: 法律--中国
电子资源:
ISBN: 978-7-5197-7243-7
000 00659nam0 2200217 450
001 2360243622
005 20230907170024.88
010    @a978-7-5197-7243-7@b精装@dCNY118.00
100    @a20230907d2022 km y0chiy0120 ea
101 0  @achi
102    @aCN@b110000
200 1  @a行政程序法研究@AXing Zheng Cheng Xu Fa Yan Jiu@f姜明安@FJiang Ming An
210    @a北京@c法律出版社@d2022
215    @a443页@d23cm
225 2  @a姜明安公法著作系列丛书
410  0 @12001 @a姜明安公法著作系列丛书
606 0  @a法律@x中国
690    @aD922.114@v4
701  0 @a姜明安@AJiang Ming An
801  0 @aCN@b大连网信软件有限公司图书馆·11@c20230907
905    @aZUCC@dD922.114@e2332
    
    行政程序法研究/姜明安.-北京:法律出版社,2022
    443页;23cm.-(姜明安公法著作系列丛书)
    
    
    ISBN 978-7-5197-7243-7(精装):CNY118.00
    
●
相关链接 在E读中查询图书 在五车中查询图书 在当当中查询图书 在豆瓣中查询图书


正题名:行政程序法研究     索取号:D922.114/2332         预约/预借

序号 登录号 条形码 馆藏地/架位号 状态 备注
1 1052953   210529533   第一样本阅览室/ [索取号:D922.114/2332] 在馆    
唐山师范学院图书馆 欢迎您!
大连网信软件有限公司© 版权所有